- Prénoms masculins les plus donnés en 2017 - - Statistiques

Statistiques générales
  • Ce quiz a été pris 2 527 fois
  • Le résultat moyen est 47 sur 100
Statistiques - réponses
Position Première Lettre Prénom % Correct
3 L Léo
90%
1 J Jules
87%
6 L Louis
84%
17 P Paul
82%
11 N Nathan
81%
18 T Théo
80%
2 G Gabriel
79%
61 J Julien
78%
9 L Lucas
78%
43 T Thomas
75%
23 A Antoine
74%
82 Q Quentin
73%
10 H Hugo
72%
34 M Maxime
70%
48 A Alexandre
69%
96 J Jean
69%
64 P Pierre
68%
100 R Romain
68%
13 T Tom
68%
33 V Victor
66%
24 M Mathis
65%
44 N Noa
65%
25 V Valentin
64%
5 R Raphaël
63%
12 A Arthur
61%
30 E Enzo
61%
66 M Maé
61%
41 M Mathéo
61%
36 M Martin
60%
19 N Noé
60%
26 B Baptiste
59%
39 A Alexis
58%
14 C Clément
58%
45 L Léon
58%
46 S Simon
58%
7 E Ethan
57%
38 S Samuel
55%
28 N Noah
54%
4 M Maël
53%
65 W William
53%
57 B Benjamin
51%
20 T Timéo
51%
22 A Axel
50%
27 M Maxence
50%
67 B Bastien
49%
15 G Gabin
49%
77 Y Yanis
48%
56 A Adrien
47%
87 E Elio
47%
16 L Liam
47%
74 M Matteo
47%
8 S Sacha
47%
60 E Evan
45%
59 C Corentin
44%
21 N Nolan
43%
83 T Timothé
42%
51 A Adam
40%
95 E Emile
40%
73 G Gaspard
40%
84 T Thibault
40%
42 E Estéban
39%
68 M Mathias
39%
35 R Robin
39%
32 E Eliott
37%
49 A Antonin
36%
31 M Malo
35%
90 M Matéo
35%
91 M Milo
35%
75 N Nino
35%
89 L Lucien
34%
37 M Marius
34%
50 A Augustin
32%
93 T Titouan
31%
69 M Mathys
29%
53 N Naël
29%
29 A Aaron
28%
76 N Noam
28%
81 L Louka
27%
54 T Tiago
27%
63 M Milan
26%
86 C Charly
25%
79 L Léandre
25%
85 B Basile
24%
62 L Lenny
24%
40 S Sasha
24%
78 A Alban
23%
58 L Loan
23%
52 M Marceau
23%
55 C Côme
22%
71 S Soan
22%
98 L Lorenzo
21%
80 L Loris
21%
92 P Pablo
21%
72 A Amaury
20%
47 M Mahé
18%
70 R Ruben
18%
99 L Lyam
17%
88 L Léandro
16%
94 E Elias
15%
97 L Leny
14%
Aucun quiz correspondant
Distribution des résultats
% des personnes avec chaque résultat
Percentile par nombre de réponses
Votre historique - résultats
Vous n’avez pas pris ce quiz